Cristóbal Colón: los 4 viajes del almirante y su testamento
Na minha lista:
| Formato: | Livro |
|---|---|
| Idioma: | espanhol |
| Publicado em: |
Bilbao
Vasco Americana
1971
|
| Colecção: | Obras Selectas, 7
|
| Assuntos: | |
| Tags: |
Adicionar Tag
Sem tags, seja o primeiro a adicionar uma tag!
|
MARC
| LEADER | 00000nam a2200000 a 4500 | ||
|---|---|---|---|
| 001 | UCL3557 | ||
| 003 | CL-VaPUC | ||
| 008 | 031128e19710000SP |||||||||||||||||spa|d | ||
| 082 | 0 | 4 | |a 909.4092 |b CRI |2 21 |
| 245 | 1 | 0 | |a Cristóbal Colón: los 4 viajes del almirante y su testamento |
| 300 | |a 173 p | ||
| 942 | |c BK | ||
| 945 | |d 20031128 00:00:00 |a cmena | ||
| 260 | |a Bilbao |b Vasco Americana |c 1971 | ||
| 600 | 0 | 7 | |a COLON, CRISTOBAL |2 CL-VaPUC |9 265189 |
| 650 | 7 | |a DESCUBRIMIENTO DE AMERICA |2 CL-VaPUC |9 480878 | |
| 650 | 0 | |a Edad media |9 258041 | |
| 650 | 0 | |a Viajes y exploraciones |9 480879 | |
| 583 | |a last modification |c 20031128 00:00:00 |k Rodrigo Vera | ||
| 490 | 0 | |a Obras Selectas, 7 | |
| 999 | |c 306578 |d 306576 | ||
| 952 | |0 0 |1 0 |4 0 |6 909_409200000000000_CRI_1971 |7 0 |8 A |9 371687 |a BIBHIS |b BIBHIS |d 2019-11-21 |i 3968537 |o 909.4092 CRI 1971 |p 3968537 |r 2025-01-20 |w 2019-11-21 |y BK |k HIS | ||